[Event "NAYCC U18"]
[Site "Windsor CAN"]
[Date "2016.08.09"]
[Round "5.16"]
[White "Mathews, Jeremy"]
[Black "Wahl, Jackson"]
[Result "0-1"]
[WhiteElo "1701"]
[BlackElo "1982"]
[PlyCount "102"]
[EventDate "2016.08.07"]
[EventType "swiss"]
[EventRounds "9"]
[EventCountry "CAN"]

1. e4 d5 2. exd5 Qxd5 3. Nc3 Qa5 4. Bc4 c6 5. d3 Bf5 6. Bd2 e6 7. Nf3 Nf6 8.
O-O Qc7 9. Nd4 Bg4 10. f3 Bh5 11. Nde2 Bd6 12. g3 O-O 13. Bf4 Nbd7 14. Bxd6
Qxd6 15. Nf4 Bg6 16. Nxg6 hxg6 17. Ne4 Qd4+ 18. Kg2 Nb6 19. c3 Nxc4 20. cxd4
Ne3+ 21. Kf2 Nxd1+ 22. Rfxd1 Rfd8 23. Nxf6+ gxf6 24. Ke3 Rd5 25. Rac1 Rad8 26.
Rc4 R8d6 27. a4 a6 28. Rb4 Rd7 29. f4 Kf8 30. h4 f5 31. Rc1 Ke7 32. Rc5 Kd6 33.
Rbc4 Rc7 34. a5 Rd7 35. b4 Kc7 36. Rxd5 Rxd5 37. Rc5 Kd6 38. Rc4 Rb5 39. Kd2 b6
40. axb6 Rxb6 41. Kc3 Rb5 42. Rc5 Kc7 43. Kb3 Kb7 44. Kc3 Kb6 45. Kc4 f6 46.
Rxb5+ cxb5+ 47. Kc3 a5 48. bxa5+ Kxa5 49. d5 exd5 50. g4 fxg4 51. Kd2 f5 0-1

[Event "NAYCC U18"]
[Site "Windsor CAN"]
[Date "2016.08.10"]
[Round "6.2"]
[White "Song, Edward"]
[Black "Grabinsky, Aaron"]
[Result "0-1"]
[WhiteElo "2300"]
[BlackElo "2312"]
[PlyCount "118"]
[EventDate "2016.08.07"]
[EventType "swiss"]
[EventRounds "9"]
[EventCountry "CAN"]

1. e4 e6 2. d4 d5 3. Nc3 Bb4 4. e5 b6 5. Qg4 Bf8 6. Nf3 Ba6 7. Bxa6 Nxa6 8. O-O
Ne7 9. Ne2 Nb4 10. c3 Nd3 11. Rd1 Nxc1 12. Raxc1 Nf5 13. Ng3 Nxg3 14. Qxg3 g6
15. Qf4 b5 16. Qe3 h5 17. Qe2 Rb8 18. Ra1 a5 19. a4 c6 20. Qc2 Be7 21. Ne1 O-O
22. Nd3 Qb6 23. h3 Rfc8 24. Qe2 b4 25. Rdc1 c5 26. dxc5 Bxc5 27. c4 Qb7 28. Nf4
dxc4 29. Rxc4 Bf8 30. Rd1 Rxc4 31. Qxc4 Rc8 32. Qd3 Qc6 33. b3 Qc3 34. Ne2 Qxe5
35. h4 Be7 36. g3 Kg7 37. Kg2 Bf6 38. Kg1 Rd8 39. Qc2 Qb2 40. Rc1 Rd2 41. Qxb2
Bxb2 42. Re1 Rd3 43. Rb1 Bc3 44. Kf1 e5 45. Ng1 f5 46. Ke2 Rd2+ 47. Ke3 Rd4 48.
Nf3 e4 49. Ng5 Kf6 50. Nh3 Ke5 51. Ke2 Rd2+ 52. Kf1 Bd4 53. Rc1 Bc3 54. Rb1 e3
55. fxe3 Ke4 56. Ng5+ Kxe3 57. Re1+ Kd3 58. Ne6 Kc2 59. Nc5 Bd4 0-1

[Event "NAYCC U18"]
[Site "Windsor CAN"]
[Date "2016.08.10"]
[Round "6.3"]
[White "Zhu, Hong Rui"]
[Black "Wu, Christopher"]
[Result "0-1"]
[WhiteElo "2232"]
[BlackElo "2338"]
[PlyCount "50"]
[EventDate "2016.08.07"]
[EventType "swiss"]
[EventRounds "9"]
[EventCountry "CAN"]

1. e4 c5 2. Nf3 d6 3. d4 cxd4 4. Nxd4 Nf6 5. Nc3 a6 6. Bg5 Nbd7 7. f4 Qc7 8.
Qf3 b5 9. e5 Bb7 10. exd6 Qb6 11. Qe3 e6 12. O-O-O Bxd6 13. Qh3 Bc5 14. Nb3 Bb4
15. a3 Be7 16. Be2 Rc8 17. Rd3 a5 18. Bf3 Ba6 19. Rd2 b4 20. axb4 Bxb4 21. Bxf6
Nxf6 22. Be2 a4 23. Nxa4 Bxd2+ 24. Nxd2 Qc6 25. Bxa6 Qxc2# 0-1

[Event "NAYCC U18"]
[Site "Windsor CAN"]
[Date "2016.08.10"]
[Round "6.4"]
[White "Shi, Diwen"]
[Black "Niemann, Hans"]
[Result "0-1"]
[WhiteElo "2209"]
[BlackElo "2298"]
[PlyCount "54"]
[EventDate "2016.08.07"]
[EventType "swiss"]
[EventRounds "9"]
[EventCountry "CAN"]

1. e4 e6 2. d4 d5 3. Nc3 Nf6 4. Bg5 dxe4 5. Nxe4 Be7 6. Bxf6 gxf6 7. Nf3 f5 8.
Nc3 a6 9. g3 b5 10. Bg2 Bb7 11. O-O O-O 12. Qe2 c5 13. d5 b4 14. dxe6 bxc3 15.
exf7+ Kg7 16. bxc3 Bf6 17. Rab1 Ra7 18. Rfd1 Qc7 19. Qe3 Be4 20. Ng5 Qe7 21.
Nxe4 fxe4 22. Rd5 Nd7 23. Rh5 Qxf7 24. Qh6+ Kh8 25. Bxe4 Ne5 26. Rf5 Qg7 27.
Qf4 Ng6 0-1

[Event "NAYCC U18"]
[Site "Windsor CAN"]
[Date "2016.08.10"]
[Round "6.5"]
[White "Wang, Justin"]
[Black "Dorrance, Adam"]
[Result "1/2-1/2"]
[WhiteElo "2177"]
[BlackElo "2254"]
[PlyCount "113"]
[EventDate "2016.08.07"]
[EventType "swiss"]
[EventRounds "9"]
[EventCountry "CAN"]

1. e4 c6 2. d4 d5 3. exd5 cxd5 4. c4 Nf6 5. Nc3 g6 6. Qb3 Bg7 7. cxd5 O-O 8.
Be2 Na6 9. Bf3 Qb6 10. Qxb6 axb6 11. Nge2 Nb4 12. O-O Rd8 13. d6 Rxd6 14. Bf4
Rd7 15. Rfd1 Nbd5 16. Be5 Rd8 17. Nf4 Nxf4 18. Bxf4 Bg4 19. Bxb7 Ra7 20. Bf3
Bxf3 21. gxf3 Nd5 22. Be3 Nxc3 23. bxc3 Ra3 24. c4 Rc8 25. Rab1 Rxc4 26. Rxb6
Rc8 27. Rd2 e6 28. Rb7 Ra5 29. Rd7 h5 30. d5 exd5 31. R7xd5 Rxd5 32. Rxd5 Ra8
33. Rd2 Ra4 34. Kg2 Be5 35. h3 f6 36. Rd8+ Kf7 37. Rd7+ Ke6 38. Ra7 Rc4 39. a4
Bd4 40. Ra6+ Kf5 41. Ra5+ Ke6 42. Bxd4 Rxd4 43. Ra8 Kf5 44. a5 Ra4 45. a6 h4
46. Kh2 Ra1 47. Kg2 Kg5 48. a7 Kf5 49. Rh8 Rxa7 50. Rxh4 g5 51. Rb4 Ra1 52.
Rb5+ Kf4 53. Rb4+ Kf5 54. h4 gxh4 55. Rxh4 Kg5 56. Rb4 f5 57. Rb8 1/2-1/2

[Event "NAYCC U18"]
[Site "Windsor CAN"]
[Date "2016.08.10"]
[Round "6.7"]
[White "Zheng, Andrew"]
[Black "Doknjas, John"]
[Result "1/2-1/2"]
[WhiteElo "2083"]
[BlackElo "2200"]
[PlyCount "136"]
[EventDate "2016.08.07"]
[EventType "swiss"]
[EventRounds "9"]
[EventCountry "CAN"]

1. d4 Nf6 2. c4 c5 3. d5 e6 4. Nc3 exd5 5. cxd5 d6 6. Nf3 g6 7. e4 Bg7 8. Be2
a6 9. a4 O-O 10. O-O Bg4 11. Nd2 Bxe2 12. Qxe2 Nbd7 13. f4 Re8 14. Qf3 h5 15.
Nc4 Nb6 16. Nxb6 Qxb6 17. a5 Qc7 18. h3 h4 19. Be3 b5 20. axb6 Qxb6 21. Bf2 Nd7
22. e5 dxe5 23. f5 e4 24. Nxe4 Ne5 25. Qf4 Nd3 26. Qxh4 gxf5 27. Ng5 Qg6 28.
Nf3 Bxb2 29. Rad1 Re4 30. Qg3 Qxg3 31. Bxg3 Nf4 32. Kh2 Ne2 33. Bf2 Nc3 34. Rd2
Ba3 35. d6 Rd8 36. Ra1 Nb5 37. d7 f6 38. Rd5 Re6 39. Nh4 Re5 40. Rd3 c4 41.
Rdxa3 Nxa3 42. Rxa3 Rxd7 43. Nf3 Re2 44. Bd4 Rd6 45. Rc3 Rc6 46. h4 Re4 47. Kh3
Rg4 48. Ra3 Kh7 49. Rc3 Kg6 50. Ra3 Re4 51. Rc3 Re2 52. Be3 Rb2 53. Nd2 Rb4 54.
Kg3 a5 55. Kf3 a4 56. Bd4 Kh5 57. Kf4 Rb2 58. Be3 Kxh4 59. Kxf5 Kg3 60. Ne4+
Kxg2 61. Kf4 Ra6 62. Bc1 Re2 63. Nd2 a3 64. Rg3+ Kf2 65. Rf3+ Kg1 66. Rg3+ Kf2
67. Rf3+ Kg2 68. Rg3+ Kf2 1/2-1/2

[Event "NAYCC U18"]
[Site "Windsor CAN"]
[Date "2016.08.10"]
[Round "6.8"]
[White "Li, Ben"]
[Black "Sheng, Joshua"]
[Result "0-1"]
[WhiteElo "2319"]
[BlackElo "2394"]
[PlyCount "66"]
[EventDate "2016.08.07"]
[EventType "swiss"]
[EventRounds "9"]
[EventCountry "CAN"]

1. d4 d5 2. c4 c6 3. Nf3 Nf6 4. e3 Bg4 5. Qb3 Qb6 6. Ne5 Bf5 7. cxd5 cxd5 8.
Bb5+ Bd7 9. Nxd7 Nbxd7 10. Nc3 e6 11. Na4 Qc7 12. Bd2 a6 13. Rc1 Qb8 14. Bd3
Bd6 15. g3 O-O 16. O-O b5 17. Nc5 Bxc5 18. dxc5 Rc8 19. Qa3 Ne5 20. Be2 a5 21.
f4 Nc4 22. Bxc4 bxc4 23. Bc3 Ne4 24. Bd4 Qb4 25. Qxb4 axb4 26. f5 Nxc5 27. fxe6
fxe6 28. Bxc5 Rxc5 29. Rf2 Rxa2 30. Rcf1 Rc8 31. Rf7 c3 32. Rb7 c2 33. Rc1 Rxb2
0-1

[Event "NAYCC U18"]
[Site "Windsor CAN"]
[Date "2016.08.10"]
[Round "6.9"]
[White "Song, Terry"]
[Black "Graif, William"]
[Result "0-1"]
[WhiteElo "2208"]
[BlackElo "2095"]
[PlyCount "98"]
[EventDate "2016.08.07"]
[EventType "swiss"]
[EventRounds "9"]
[EventCountry "CAN"]

1. e4 c5 2. Nf3 d6 3. d4 cxd4 4. Nxd4 Nf6 5. Nc3 g6 6. Be3 Bg7 7. f3 O-O 8. Qd2
Nc6 9. Bc4 Bd7 10. h4 Na5 11. Be2 Qc8 12. O-O-O Nc4 13. Bxc4 Qxc4 14. h5 Rfc8
15. hxg6 fxg6 16. Kb1 b5 17. g4 e5 18. Nb3 b4 19. Nd5 Nxd5 20. Qxd5+ Qxd5 21.
Rxd5 Bf8 22. Bg5 Be6 23. Rd2 Rc7 24. Bf6 Rf7 25. g5 h6 26. f4 Bxb3 27. axb3
exf4 28. Rf2 h5 29. Rxf4 Be7 30. Rhf1 Raf8 31. c4 bxc3 32. bxc3 Kh7 33. c4 Bxf6
34. gxf6 g5 35. Rf5 Kg6 36. Rh1 Rxf6 37. Rxf6+ Rxf6 38. Kc2 g4 39. b4 Kg5 40.
Kd3 g3 41. Ke3 Kg4 42. c5 dxc5 43. bxc5 g2 44. Rg1 Kg3 45. e5 Rf1 46. Rxg2+
Kxg2 47. Ke4 h4 48. e6 h3 49. c6 Rf8 0-1

[Event "NAYCC U18"]
[Site "Windsor CAN"]
[Date "2016.08.10"]
[Round "6.10"]
[White "Wang, Jalen"]
[Black "Proleiko, Julian"]
[Result "1-0"]
[WhiteElo "2095"]
[BlackElo "2114"]
[PlyCount "81"]
[EventDate "2016.08.07"]
[EventType "swiss"]
[EventRounds "9"]
[EventCountry "CAN"]

1. e3 g6 2. h4 Nf6 3. g4 h6 4. b3 d5 5. f3 d4 6. Qe2 c5 7. e4 Nc6 8. Qg2 Bg7 9.
Bb5 Bd7 10. Bxc6 Bxc6 11. d3 b5 12. Ne2 e5 13. Nd2 a5 14. a4 bxa4 15. bxa4 Nd7
16. Nc4 Nb6 17. Nxb6 Qxb6 18. O-O O-O 19. f4 f5 20. gxf5 gxf5 21. fxe5 Ra7 22.
Qg6 Kh8 23. Bxh6 Rg8 24. Bg5 Bxe5 25. Qxf5 Qb8 26. Kh1 Qd6 27. Bf6+ Bxf6 28.
Qxf6+ Qxf6 29. Rxf6 Rh7 30. Rf4 Bd7 31. Rg1 Bxa4 32. c3 Rxg1+ 33. Kxg1 Bd1 34.
Kf2 Ra7 35. cxd4 a4 36. dxc5 a3 37. Nc1 Bc2 38. Ke3 Rb7 39. Rf8+ Kg7 40. Ra8
Rb1 41. Rxa3 1-0

[Event "NAYCC U18"]
[Site "Windsor CAN"]
[Date "2016.08.10"]
[Round "6.11"]
[White "Nguyen, Trung"]
[Black "Li, Ethan"]
[Result "0-1"]
[WhiteElo "2153"]
[BlackElo "2321"]
[PlyCount "124"]
[EventDate "2016.08.07"]
[EventType "swiss"]
[EventRounds "9"]
[EventCountry "CAN"]

1. d4 Nf6 2. c4 e6 3. Nf3 d5 4. g3 dxc4 5. Bg2 Bd7 6. Ne5 Bc6 7. Nxc6 Nxc6 8.
O-O Qd7 9. e3 O-O-O 10. Qa4 Nd5 11. Qxc4 h5 12. a3 h4 13. b4 hxg3 14. hxg3 f5
15. Nc3 g5 16. Nxd5 exd5 17. Qd3 Qh7 18. Rd1 Bd6 19. Kf1 Ne7 20. b5 Kb8 21. a4
Qh2 22. a5 f4 23. exf4 gxf4 24. Re1 fxg3 25. f3 Qh7 26. Qxh7 Rxh7 27. Bg5 Rdh8
28. Bf6 Rf8 29. Bxe7 Rxe7 30. Rxe7 Bxe7 31. Ke2 c5 32. dxc5 Bxc5 33. Kd3 Rf4
34. Re1 Rd4+ 35. Kc3 Rc4+ 36. Kd3 Rd4+ 37. Kc3 Rb4 38. Bf1 Rf4 39. Re8+ Kc7 40.
Bg2 Bb4+ 41. Kd3 Bxa5 42. Ke3 Rb4 43. Rg8 Rb3+ 44. Kd4 Be1 45. f4 Bf2+ 46. Kxd5
Rxb5+ 47. Ke6 Rb6+ 48. Ke7 Rb2 49. Ke6 Re2+ 50. Kd5 Rd2+ 51. Ke6 b5 52. f5 Rd6+
53. Ke5 Bd4+ 54. Kf4 a5 55. Rxg3 b4 56. Ke4 a4 57. Bf1 Bf6 58. Rd3 b3 59. Rxd6
Kxd6 60. Bc4 Kc5 61. Kd3 Kb4 62. Bd5 a3 0-1

[Event "NAYCC U18"]
[Site "Windsor CAN"]
[Date "2016.08.10"]
[Round "6.12"]
[White "Bian, Alex"]
[Black "Li, Yinshi"]
[Result "1-0"]
[WhiteElo "2300"]
[BlackElo "2138"]
[PlyCount "77"]
[EventDate "2016.08.07"]
[EventType "swiss"]
[EventRounds "9"]
[EventCountry "CAN"]

1. e4 e6 2. d4 d5 3. Nc3 dxe4 4. Nxe4 b6 5. Nf3 Bb7 6. Bd3 Be7 7. O-O Nf6 8.
Ng3 O-O 9. b3 c5 10. dxc5 Bxc5 11. Bb2 Nbd7 12. c4 Qc7 13. Qe2 Rfd8 14. Rad1
Re8 15. Rfe1 Rad8 16. Kh1 Ng4 17. Rf1 f5 18. Bc2 Ndf6 19. Rxd8 Qxd8 20. h3
Nxf2+ 21. Rxf2 Bxf2 22. Qxf2 f4 23. Nf1 Nd7 24. Qd2 Rf8 25. Ba3 Nc5 26. Qf2 Qf6
27. Bb2 Qh6 28. N1d2 Rd8 29. Qe2 a5 30. a3 Bc6 31. Ng1 Rf8 32. Ngf3 Rd8 33. Kg1
Kh8 34. Ne5 Be8 35. b4 axb4 36. axb4 Nb7 37. Ndf3 Bh5 38. Qf2 Bxf3 39. Nf7+ 1-0

[Event "NAYCC U18"]
[Site "Windsor CAN"]
[Date "2016.08.10"]
[Round "6.13"]
[White "Karamsetty, Jeevan"]
[Black "Han, Joseph"]
[Result "1-0"]
[WhiteElo "2091"]
[BlackElo "2072"]
[PlyCount "69"]
[EventDate "2016.08.07"]
[EventType "swiss"]
[EventRounds "9"]
[EventCountry "CAN"]

1. e4 e5 2. Nf3 Nc6 3. Bb5 a6 4. Ba4 Nf6 5. O-O Be7 6. Re1 b5 7. Bb3 d6 8. a4
b4 9. c3 O-O 10. h3 Rb8 11. Bc2 Re8 12. d4 bxc3 13. bxc3 exd4 14. cxd4 Nb4 15.
Bb3 d5 16. Nc3 Be6 17. Ng5 Nd3 18. Qxd3 Rxb3 19. Qc2 Rb4 20. e5 Ne4 21. Ncxe4
dxe4 22. Nxe6 fxe6 23. Be3 Qd5 24. Qxc7 Rc4 25. Qb6 Bb4 26. Red1 a5 27. Rac1
Rec8 28. Qa6 Bc3 29. Rb1 Qc6 30. Rb6 Qxa4 31. Rdb1 R8c6 32. Rxc6 Rxc6 33. Qa8+
Kf7 34. Rb7+ Kg6 35. Qe8+ 1-0

[Event "NAYCC U18"]
[Site "Windsor CAN"]
[Date "2016.08.10"]
[Round "6.14"]
[White "Guo, Arthur"]
[Black "Wahl, Jackson"]
[Result "0-1"]
[WhiteElo "2155"]
[BlackElo "1982"]
[PlyCount "128"]
[EventDate "2016.08.07"]
[EventType "swiss"]
[EventRounds "9"]
[EventCountry "CAN"]

1. e4 d5 2. exd5 Qxd5 3. Nc3 Qa5 4. d4 c6 5. Nf3 Bf5 6. Ne5 Nf6 7. Bd3 Bxd3 8.
Qxd3 e6 9. O-O Nbd7 10. Nxd7 Nxd7 11. Ne4 Be7 12. Qg3 Rg8 13. c3 Qd5 14. f3 Nf6
15. Re1 h6 16. Bd2 O-O-O 17. b4 g5 18. Nxf6 Bxf6 19. Qg4 Kb8 20. a4 e5 21. dxe5
Qxd2 22. exf6 Qxc3 23. b5 Qxf6 24. bxc6 Qxc6 25. Rab1 Rge8 26. Rec1 Qe6 27. Qb4
Qd5 28. Kh1 Rd7 29. a5 a6 30. h3 Qd4 31. Rc4 Qd2 32. Qb6 Re1+ 33. Kh2 Rxb1 34.
Qxb1 Qd6+ 35. Kg1 Qd1+ 36. Qxd1 Rxd1+ 37. Kf2 Rd5 38. Ra4 Kc7 39. Ke3 Kc6 40.
g4 Rb5 41. Rc4+ Kd6 42. Rd4+ Ke6 43. Ra4 f5 44. gxf5+ Kxf5 45. Kf2 h5 46. Kg3
h4+ 47. Kf2 Rb2+ 48. Ke3 Rh2 49. Rb4 Rxh3 50. Rxb7 g4 51. Rf7+ Ke5 52. Re7+ Kf6
53. Ra7 Rxf3+ 54. Ke2 Kg5 55. Rxa6 Ra3 56. Ra8 Kf4 57. a6 Kg3 58. a7 h3 59. Re8
Rxa7 60. Re3+ Kh2 61. Kf1 g3 62. Re2+ g2+ 63. Ke1 Ra1+ 64. Kd2 Ra2+ 0-1

[Event "NAYCC U18"]
[Site "Windsor CAN"]
[Date "2016.08.10"]
[Round "6.15"]
[White "Sowa, Aidan"]
[Black "Yaskolko, Alexander"]
[Result "1-0"]
[WhiteElo "1910"]
[BlackElo "1735"]
[PlyCount "67"]
[EventDate "2016.08.07"]
[EventType "swiss"]
[EventRounds "9"]
[EventCountry "CAN"]

1. b3 e5 2. Bb2 Nc6 3. e3 d5 4. Bb5 Bd6 5. f4 Qe7 6. Nf3 Bg4 7. h3 Bxf3 8. Qxf3
e4 9. Qg4 f6 10. Nc3 Qf7 11. Bxc6+ bxc6 12. O-O-O Ne7 13. h4 h5 14. Qh3 Qg6 15.
Ne2 Nf5 16. Rhg1 Nh6 17. Qe6+ Kf8 18. Nd4 c5 19. Qxd5 Re8 20. Ne6+ Rxe6 21.
Qxe6 Rg8 22. Qd7 Ng4 23. d3 Qe8 24. Qf5 Ke7 25. Qxe4+ Kd8 26. Qa8+ Kd7 27. Qxa7
Qe6 28. Qa4+ Ke7 29. Qc6 Qf7 30. Rde1 Rb8 31. Qf3 c4 32. e4 cxb3 33. axb3 Ra8
34. e5 1-0

[Event "NAYCC U18"]
[Site "Windsor CAN"]
[Date "2016.08.10"]
[Round "6.16"]
[White "Mathews, Jeremy"]
[Black "Dommalapati, Abhinay"]
[Result "1-0"]
[WhiteElo "1701"]
[BlackElo "1832"]
[PlyCount "101"]
[EventDate "2016.08.07"]
[EventType "swiss"]
[EventRounds "9"]
[EventCountry "CAN"]

1. e4 e6 2. d4 d5 3. e5 c5 4. c3 Nc6 5. Nf3 Qb6 6. a3 Bd7 7. b4 cxd4 8. cxd4
Rc8 9. Bb2 Na5 10. Nc3 Nc4 11. Bxc4 Rxc4 12. O-O Nh6 13. Nd2 Rc8 14. Na4 Qb5
15. Nc3 Qd3 16. Nb3 Rxc3 17. Bxc3 Qxc3 18. Rc1 Qb2 19. Na5 Nf5 20. Rc7 b6 21.
Rxd7 Nxd4 22. Rxa7 Be7 23. Qa4+ b5 24. Qd1 Bd8 25. Qd3 O-O 26. Rb1 Qa2 27. Ra8
g6 28. Nb3 Bb6 29. Rxf8+ Kxf8 30. Nc5 Kg7 31. Rd1 Nc6 32. Qxb5 Bxc5 33. Qxc5
Nxe5 34. Qd4 f6 35. Qa7+ Kh6 36. Qe3+ Kg7 37. Rc1 Ng4 38. Qa7+ Kh6 39. h3 Qb2
40. Qc5 Nxf2 41. Rc2 Nxh3+ 42. gxh3 Qxa3 43. Qc3 Qa7+ 44. Kg2 d4 45. Qd2+ Kg7
46. Rc5 e5 47. Kf2 Qd7 48. Qd3 Qd6 49. Qe4 Qb6 50. Rc6 Qxb4 51. Rc7+ 1-0

[Event "NAYCC U18"]
[Site "Windsor CAN"]
[Date "2016.08.10"]
[Round "7.2"]
[White "Wu, Christopher"]
[Black "Dorrance, Adam"]
[Result "1-0"]
[WhiteElo "2338"]
[BlackElo "2254"]
[PlyCount "47"]
[EventDate "2016.08.07"]
[EventType "swiss"]
[EventRounds "9"]
[EventCountry "CAN"]

1. e4 c6 2. d4 d5 3. e5 Bf5 4. Nf3 e6 5. Be2 Ne7 6. O-O Nd7 7. Nbd2 c5 8. c4
dxc4 9. Nxc4 Nc6 10. Bg5 Qc7 11. Rc1 f6 12. Bf4 cxd4 13. Nxd4 fxe5 14. Nxe5
Ndxe5 15. Nxf5 exf5 16. Bh5+ Ke7 17. Bxe5 Qd7 18. Qe2 Qe6 19. Qb5 Rc8 20. Bf4
a6 21. Qxb7+ Kf6 22. Rfe1 Ne5 23. Bxe5+ Qxe5 24. Qxc8 1-0

[Event "NAYCC U18"]
[Site "Windsor CAN"]
[Date "2016.08.10"]
[Round "7.3"]
[White "Niemann, Hans"]
[Black "Peng, David"]
[Result "1-0"]
[WhiteElo "2298"]
[BlackElo "2283"]
[PlyCount "65"]
[EventDate "2016.08.07"]
[EventType "swiss"]
[EventRounds "9"]
[EventCountry "CAN"]

1. d4 d5 2. c4 e6 3. Nf3 Nf6 4. g3 Be7 5. Bg2 O-O 6. O-O c6 7. Qc2 b6 8. b3 Bb7
9. Bb2 Na6 10. Rd1 Rc8 11. Nc3 Qc7 12. e4 Nb8 13. Qe2 dxe4 14. Nxe4 Nxe4 15.
Qxe4 c5 16. Qc2 cxd4 17. Bxd4 Nc6 18. Bc3 Rcd8 19. Qb2 Rxd1+ 20. Rxd1 Rd8 21.
Rxd8+ Qxd8 22. Nd4 Nxd4 23. Bxb7 Bf6 24. Kg2 Qc7 25. Be4 Qc5 26. Qd2 a5 27. Qf4
Qe5 28. Qxe5 Bxe5 29. f4 Bf6 30. c5 bxc5 31. Bxa5 Nb5 32. Bd3 Na3 33. Bd2 1-0

[Event "NAYCC U18"]
[Site "Windsor CAN"]
[Date "2016.08.10"]
[Round "7.5"]
[White "Sheng, Joshua"]
[Black "Zheng, Andrew"]
[Result "1-0"]
[WhiteElo "2394"]
[BlackElo "2083"]
[PlyCount "87"]
[EventDate "2016.08.07"]
[EventType "swiss"]
[EventRounds "9"]
[EventCountry "CAN"]

1. d4 e6 2. e4 d5 3. Nd2 Nf6 4. e5 Nfd7 5. Bd3 c5 6. c3 Nc6 7. Ne2 cxd4 8. cxd4
f6 9. exf6 Nxf6 10. O-O Bd6 11. Nf3 O-O 12. Bf4 Qc7 13. Bxd6 Qxd6 14. Re1 Bd7
15. Ng3 Rac8 16. Qd2 Qb4 17. Rad1 Qxd2 18. Rxd2 a6 19. Bb1 h6 20. Nh4 Rc7 21.
Ng6 Rfc8 22. f3 Kf7 23. Kf2 Ng8 24. h4 Nge7 25. h5 Nd8 26. Ne5+ Kf8 27. Ne2 Bb5
28. Nf4 Rc1 29. Rdd1 Rxd1 30. Rxd1 Ba4 31. b3 Be8 32. Re1 Nec6 33. Nxc6 Rxc6
34. g4 a5 35. Ke3 a4 36. Kd2 axb3 37. axb3 b5 38. Nd3 Rc7 39. Ne5 Ke7 40. Bd3
b4 41. Ra1 Rc3 42. Ra7+ Kf6 43. f4 Rxb3 44. g5+ 1-0

[Event "NAYCC U18"]
[Site "Windsor CAN"]
[Date "2016.08.10"]
[Round "7.6"]
[White "Graif, William"]
[Black "Song, Edward"]
[Result "0-1"]
[WhiteElo "2095"]
[BlackElo "2300"]
[PlyCount "96"]
[EventDate "2016.08.07"]
[EventType "swiss"]
[EventRounds "9"]
[EventCountry "CAN"]

1. e4 c5 2. Nf3 e6 3. d4 cxd4 4. Nxd4 a6 5. Nc3 Qc7 6. Bd3 Nf6 7. Qe2 d6 8. a4
b6 9. O-O Be7 10. Bd2 Bb7 11. Rae1 Nbd7 12. Nb3 Ne5 13. f4 Nxd3 14. cxd3 g6 15.
Rc1 Qd8 16. Be3 O-O 17. a5 b5 18. Bb6 Qd7 19. e5 dxe5 20. fxe5 Nd5 21. Ne4 Nxb6
22. axb6 Bxe4 23. Qxe4 Bd8 24. Qc6 Qxc6 25. Rxc6 Rb8 26. Ra1 Bxb6+ 27. Kf1 Rfd8
28. Rxa6 Bd4 29. Nxd4 Rxd4 30. Rd6 Rb4 31. Ra2 Rc8 32. Rd7 Rf4+ 33. Ke1 Rc2 34.
g3 Rff2 35. Ra8+ Kg7 36. Raa7 Rce2+ 37. Kd1 Rxb2 38. Ke1 Rbe2+ 39. Kd1 Rxe5 40.
d4 Ref5 41. g4 R5f4 42. h3 R2f3 43. Ke2 Rxh3 44. Rab7 Rg3 45. Rxb5 Rgxg4 46.
Ke3 h5 47. Rb6 Re4+ 48. Kd3 h4 0-1

[Event "NAYCC U18"]
[Site "Windsor CAN"]
[Date "2016.08.10"]
[Round "7.7"]
[White "Doknjas, John"]
[Black "Zhu, Hong Rui"]
[Result "1/2-1/2"]
[WhiteElo "2200"]
[BlackElo "2232"]
[PlyCount "113"]
[EventDate "2016.08.07"]
[EventType "swiss"]
[EventRounds "9"]
[EventCountry "CAN"]

1. d4 d5 2. c4 e6 3. Nf3 c6 4. e3 Bd6 5. Bd3 f5 6. O-O Nf6 7. b3 Qe7 8. Bb2 O-O
9. Qc1 b6 10. Ba3 Bb7 11. Bxd6 Qxd6 12. Nc3 Nbd7 13. Rd1 Rac8 14. Qb2 Qe7 15.
Rac1 Kh8 16. cxd5 cxd5 17. Ne2 Nb8 18. Nf4 Nfd7 19. h4 Rfe8 20. Bb5 a6 21. Bxd7
Nxd7 22. Rxc8 Rxc8 23. Rc1 Nf8 24. Rxc8 Bxc8 25. Qc3 Bb7 26. b4 Kg8 27. Ne5 Qd6
28. a4 Nd7 29. Nxd7 Qxd7 30. a5 bxa5 31. bxa5 Bc6 32. Nd3 Qd6 33. Ne5 Bd7 34.
Qc5 Qxc5 35. dxc5 Bc8 36. Nc6 Kf7 37. Na7 Bd7 38. c6 Ke7 39. c7 Kd6 40. c8=Q
Bxc8 41. Nxc8+ Kc6 42. Nb6 Kb5 43. Kf1 Kxa5 44. Nd7 Kb4 45. Ke2 Kc4 46. Ne5+
Kc3 47. Nc6 g6 48. g3 Kb2 49. Kd2 Kb1 50. f3 h5 51. Ne5 a5 52. Kc3 a4 53. Kb4
Kc2 54. Nxg6 Kd3 55. Nf4+ Kxe3 56. Nxh5 d4 57. Nf4 1/2-1/2

[Event "NAYCC U18"]
[Site "Windsor CAN"]
[Date "2016.08.10"]
[Round "7.8"]
[White "Li, Ethan"]
[Black "Wang, Jalen"]
[Result "1-0"]
[WhiteElo "2321"]
[BlackElo "2095"]
[PlyCount "131"]
[EventDate "2016.08.07"]
[EventType "swiss"]
[EventRounds "9"]
[EventCountry "CAN"]

1. d4 c5 2. d5 f5 3. c4 Nf6 4. g3 g6 5. Bg2 d6 6. Nc3 Bg7 7. Nh3 Na6 8. O-O O-O
9. Nf4 Nc7 10. Qc2 a6 11. a4 Rb8 12. b3 b5 13. axb5 axb5 14. Bb2 bxc4 15. bxc4
Rb4 16. Ra4 Bd7 17. Rxb4 cxb4 18. Na4 Na6 19. Bd4 Qc7 20. Nb6 Rb8 21. Nxd7 Qxd7
22. Rb1 Nc5 23. Bxc5 dxc5 24. Ne6 Qd6 25. h3 Nd7 26. e4 fxe4 27. Bxe4 Qe5 28.
Rb3 Ra8 29. Kg2 Ra1 30. f4 Qf6 31. h4 Nf8 32. Nxc5 Qd4 33. Ne6 Nxe6 34. dxe6
Rd1 35. Kh3 Re1 36. Bf3 Bf6 37. c5 Qg1 38. Rxb4 Rc1 39. Qd3 Kg7 40. Rc4 Re1 41.
Rc2 Re3 42. Qd1 Re1 43. Qd5 Re3 44. Qd1 Re1 45. Qd2 Bd4 46. c6 Be3 47. Qg2
Qxg2+ 48. Kxg2 Bb6 49. c7 Bxc7 50. Rxc7 Rxe6 51. g4 Kf8 52. Rc8+ Kg7 53. Kg3 h6
54. Rc6 Re1 55. Kf2 Ra1 56. Be4 Ra2+ 57. Ke3 g5 58. Rg6+ Kf8 59. fxg5 hxg5 60.
Rxg5 e6 61. h5 Rh2 62. Kf4 Kf7 63. Rg6 Rh3 64. h6 Ra3 65. Rg7+ Kf6 66. g5# 1-0

[Event "NAYCC U18"]
[Site "Windsor CAN"]
[Date "2016.08.10"]
[Round "7.9"]
[White "Bian, Alex"]
[Black "Karamsetty, Jeevan"]
[Result "1/2-1/2"]
[WhiteElo "2300"]
[BlackElo "2091"]
[PlyCount "159"]
[EventDate "2016.08.07"]
[EventType "swiss"]
[EventRounds "9"]
[EventCountry "CAN"]

1. e4 e5 2. Nf3 Nc6 3. d4 exd4 4. Nxd4 Bc5 5. Be3 Qf6 6. c3 Nge7 7. Bc4 a6 8.
O-O d6 9. Nxc6 Nxc6 10. Bxc5 dxc5 11. f4 O-O 12. Qf3 Na5 13. Bd3 c4 14. b4 cxb3
15. axb3 Nxb3 16. Ra2 Nc5 17. Re2 Nxd3 18. Qxd3 Qb6+ 19. Kh1 f5 20. Nd2 Be6 21.
exf5 Rad8 22. Qf3 Bxf5 23. Ne4 Qb5 24. Rfe1 Rd3 25. Qf2 Bxe4 26. Rxe4 Rxc3 27.
Qd2 Rd3 28. Qc2 c5 29. Re7 Rdd8 30. Qe4 Qc6 31. Qe5 Rf6 32. Rxg7+ Kxg7 33. Qe7+
Rf7 34. Qxd8 Qf6 35. Qd5 Qxf4 36. h3 Qg3 37. Rb1 b6 38. Qc4 Rf2 39. Qd5 Qg6 40.
Re1 a5 41. Re7+ Rf7 42. Re4 Qf5 43. Rg4+ Kh8 44. Qd8+ Rf8 45. Qxb6 Qe5 46. Qb1
Qf6 47. Qa2 Qe5 48. Qb1 Rb8 49. Qa2 Rd8 50. Qb3 Qe1+ 51. Kh2 Qe5+ 52. Kh1 Rb8
53. Qa2 Rf8 54. Qb1 Rf4 55. Rg3 Re4 56. Qd3 Qd4 57. Qb1 Qe5 58. Qd3 Re1+ 59.
Kh2 Qd4 60. Qxd4+ cxd4 61. Ra3 Re5 62. Kg1 Kg7 63. Kf2 Kf6 64. Rd3 Rd5 65. Ke2
Ke5 66. Rg3 Kf6 67. Rg8 Rg5 68. Rf8+ Ke7 69. Ra8 Rxg2+ 70. Kd3 Rg3+ 71. Kxd4
Rxh3 72. Rxa5 Rh4+ 73. Ke3 Kf6 74. Kf3 Rh1 75. Kg2 Re1 76. Kg3 Re3+ 77. Kf4 Re6
78. Rf5+ Kg7 79. Rg5+ Rg6 80. Rxg6+ 1/2-1/2

[Event "NAYCC U18"]
[Site "Windsor CAN"]
[Date "2016.08.10"]
[Round "7.10"]
[White "Wahl, Jackson"]
[Black "Shi, Diwen"]
[Result "1/2-1/2"]
[WhiteElo "1982"]
[BlackElo "2209"]
[PlyCount "37"]
[EventDate "2016.08.07"]
[EventType "swiss"]
[EventRounds "9"]
[EventCountry "CAN"]

1. d4 Nf6 2. c4 Nc6 3. Nc3 e5 4. dxe5 Nxe5 5. e3 Bb4 6. Bd2 O-O 7. Nf3 d6 8. a3
Bxc3 9. Bxc3 Qe7 10. Be2 Bf5 11. O-O Ne4 12. Qb3 Nc5 13. Qa2 a5 14. b3 Bd3 15.
Bxd3 Nexd3 16. Qc2 Ne5 17. Nxe5 dxe5 18. b4 axb4 19. axb4 1/2-1/2